00711nam a2200241 a 4500001001300000003000900013005001700022008004100039020002300080082002000103100001800123245003800141260002500179300000800204500003500212505001900247650003200266700001800298902000800316942000700324952012100331999001700452nice12345678IN_TiNIC20260116013303.0050524s1997 dela grp 000 0 eng  a8172146 c10000a305.480201bMCN aMcnally, Jane aHouse of Christian Women in India aDelhi bISPCK c1997 a77p aincludes index and biblioraphy2 aNine Pamphlets aWomen in Christianity-India1 aMcnally, Jane bSRS cBK 001040708StackRoom-aHMIbHMId2007-08-29g100.00l0o305.480201 MCNp018332r2007-08-29v100.00w2005-05-24yBK c10411d10411